Statistics for Countries Bordering Two or More "B" Countries Quiz

Click here to take the quiz!

General Stats

  • This quiz has been taken 29 times
  • The average score is 5 of 7

Answer Stats

Answer% Correct
Argentina
93%
Paraguay
85%
India
78%
Peru
78%
Niger
67%
Togo
59%
Serbia
52%

Score Distribution

Percentile by Number Answered

Percent of People with Each Score

Your Score History

You have not taken this quiz